<?xml version="1.0" encoding="UTF-8"?>
<collection xmlns="http://www.loc.gov/MARC21/slim">
  <record>
    <leader>00000nam  2200000   4500</leader>
    <controlfield tag="001">INLIS000000000001688</controlfield>
    <controlfield tag="005">20180724142836</controlfield>
    <controlfield tag="008">180724|||||||||   |   |||   |||| ||   | </controlfield>
    <datafield tag="035" ind1=" " ind2=" ">
      <subfield code="0">010-0718001688</subfield>
    </datafield>
    <datafield tag="041" ind1=" " ind2=" ">
      <subfield code="a">id</subfield>
    </datafield>
    <datafield tag="082" ind1=" " ind2=" ">
      <subfield code="a">R 048</subfield>
    </datafield>
    <datafield tag="090" ind1=" " ind2=" ">
      <subfield code="a">R 048 PIM II 2016</subfield>
    </datafield>
    <datafield tag="100" ind1=" " ind2=" ">
      <subfield code="a">Musa Andi</subfield>
    </datafield>
    <datafield tag="245" ind1=" " ind2=" ">
      <subfield code="a">Efektifitas Kinerja Polda Kalbar Melalui Perubahan Perilaku Organisasi Berbasis Web (Web Based)</subfield>
    </datafield>
    <datafield tag="260" ind1=" " ind2=" ">
      <subfield code="a">Jakarta</subfield>
      <subfield code="b">LAN Jakarta</subfield>
      <subfield code="c">2016</subfield>
    </datafield>
    <datafield tag="300" ind1=" " ind2=" ">
      <subfield code="a">iii, 65 hlm., Ilus, 30 cm</subfield>
    </datafield>
    <datafield tag="500" ind1=" " ind2=" ">
      <subfield code="a">Dalam pelaksanaan Proyek Perubahan telah dibentuk dan mendapatkan dukungan dari Tim efektif internal Rorena Polda Kalbar sesuai Surat Perintah Karorena Polda Kalbar Nomor: Sprin/79/IV/2016 tanggal 18 April 2016. Sedangkan tim efektif gabungan Satker Polda Kalbar sesuai Surat Perintah Kapolda Kalbar Nomor: Sprin/524?VI/2016 tentang kelompok kerja pengkajian produk strategis mengenai efektivitas kinerja Polda Kalbar melalui perubahan perilaku organisasi berbasis Web.</subfield>
    </datafield>
    <datafield tag="650" ind1=" " ind2=" ">
      <subfield code="a">Organisasi</subfield>
    </datafield>
  </record>
</collection>
